000 00526nam a2200169 i 4500
001 35955
003 ES-MaACL
005 20230906155245.0
007 t|
008 030214s1965 an ||||1| spa d
100 1 _aBroglie, Guy de.
_931877
245 1 4 _aLos signos de credibilidad de la revelación cristiana /
_cGuy de Broglie ; [versión de Federico Revilla].
260 _aAndorra :
_bCasal y Vall,
_c[1965]
300 _a186 p. ;
_c19 cm.
700 1 _aRevilla, Federico.
_996429
852 _aES-MaACL
_jC-31331
_bR.61705
999 _c35955
_d35955